00826nam a22002057a 45000010005000000030006000050050017000110080041000280200018000690400029000870500008001161000015001242450044001392600054001833000048002375050008002855200278002935210029005715210020006008142FISKH20250828114243.0250828b cb ||||| |||| 00| 0 eng d a9788188370139 aFISKHbengcFISKHdFISKH aPZ7 aValentine  aLittle red riding hood /cBy Valentine  aNew Delhi :bYoung Learner Publications , c2018. a16 pages : bcolor illustrations ;c28 cm . aK  aReading books is a kind of enjoyment. Reading books is a good habit. We bring you a different kinds of books. You can carry this book where ever you want. It is easy to carry. It can be an ideal gift to yourself and to your loved ones. Care instruction keep away from fire.8 a510 bLexile estimate 8 aK bRaz-Plus